00694naa a2200169 i 450000100060000000300090000600500170001500800390003201500180007104000270008908000120011608000120012810001190014024500720025965000260033177301670035710120KOSZ 00520180416131222.0051124s2004 pl a f f |000 0 pol aPB 2005/20081 aWA NcBPKdKOSZ 005/EG a339.138 a(075.8)1 aDYCZKOWSKA, Joanna.bPolitechnika Koszalińska - Instytut Ekonomii i Zarządzania,cZakład Marketingud1996 - .10aDystrybucja towarów jako element marketingu /cJoanna Dyczkowska. 0aBadania marketingowe.0 iW :tMarketing w zarysie : praca zbiorowa / pod red. nauk. Włodzimierza Delugi. -dKoszalin : Wydaw. Uczelniane Politechniki Koszalińskiej, 2004. -gs. 127-150